00573cam a22002057a 45000010009000000050017000090080041000260100017000670200015000840350023000990400030001220410008001520420014001600800024001740820028001981000006002261010008002322450076002405040051003161334556120180205070751.0030916s2003 mdua b 001 0 eng d a 2003112940 a156900188X a(OCoLC)ocm54345670 aIWUcIWUdVETdOCLCQdDLC aeng alccopycat a615.8.515.0846 mar00a615.8.515.0846 mar222 a8 aort00aGeriatric issues in occupational therapy :cedited by Mary A. Corcoran. aIncludes bibliographical references and index.